000 00415nam a2200169Ia 4500
005 20250423100649.0
008 250422s9999 xx 000 0 und d
020 _a978-81-8128-757-1
100 _aAllamaraju Subrahmanyam
245 0 _aProfessional Java Server Programming
260 _aNew Jersey
260 _bPearson Education
260 _c2007
300 _a1248 p
650 _aPrograming
942 _cBK
999 _c33986
_d33986